00439 2200169 4500001002100000008004100021035002000062245005700082100002300139250000600162260004200168300001200210084001400222082000800236650001300244990001200257INLIS000000000000752 ind  a0010-0424000728 aPanduan Praktikum Olimpiade KimiacRiwandi Sihombing aSihombing, Riwandi a1 aJakarta :bBina Prestasi Insanic2018 a125 hlm a540 RIW k a540 aNonfiksi a0739643